000 00805 a2200193 4500
999 _c3640
_d3640
020 _a0521435722 (pbk.)
050 0 0 _aPR9364.9 ADA 1994
100 _aAdams, Anthony
_eauthor
245 0 0 _aWriting from South Africa /
_cAnthony Adams and Ken Durham.
264 _a New York :
_bCambridge University Press,
_c1995
300 _axiv, 137 p. :
_bill. ;
440 0 _aFigures in a landscape
500 _aincludes glossary
650 0 _aSouth African literature (English)
651 0 _aSouth Africa
700 1 _aDurham, Ken.
_eauthor
942 _2lcc
_cBK
_h9364.9
_iADA
_kPN